Responses for Show #8537 - Tuesday, December 21, 2021

Amy Schneider game 15.

Contestants

[<< previous game]

Jason Snyder, a teaching assistant from Los Angeles, California

Kaitlyn Pesterfield, a medical student from Mesa, Arizona

Amy Schneider, an engineering manager from Oakland, California (whose 14-day cash winnings total $571,200)

[next game >>]

Jeopardy! Round responses

SPORTS NICKNAMES
GEOLOGY
NEW ORLEANS: NEWS CLUES
(Ken: These clues will be presented by the Fox 8 New Orleans News team.)
STOCKS, SYMBOLICALLY
GO HOME
SHAKESPEARE, YOU'RE DRUNK
    $200 6
baseball

Amy
    $200 21
Hawaiian

Amy
    $200 26
Enterprise

Amy
    $200 16
3M

Amy
    $200 18
(Jason: What is castle?)
(Kaitlyn: What is coliseum?)

palace

AmyKaitlynJason
    $200 1
Hamlet

Amy
    $400 7
Reaper

Amy
    $400 10
fracking

Jason
    $400 27
Harry Connick Jr.

Kaitlyn
    $400 14
Aflac

Jason
    $400 22
cabin

Amy
    $400 2
The Merry Wives of Windsor

Amy
    $600 8
Mr. Irrelevant

Amy
    $1,000 11
(Jason: What are coal and diamond?)

graphite into diamond

Jason
    $600 28
beignets

Kaitlyn
    $600 15
Charles Schwab

Jason
    $600 23
a bungalow

Amy
    $600 3
Iago

Amy
    $800 9
Ronaldo

Kaitlyn
    $800 12
(Kaitlyn: What is iron?)

coal

AmyKaitlyn
    $800 29
Lake Pontchartrain

Amy
    $800 17
Comcast

Kaitlyn
    $800 24
condominium

Amy
    $800 4
wine

Triple Stumper
    $1000 19
(Ken: Yes, she's levitating a racket; that's amazing.)
[Laughter]

Steffi Graf

Amy
    $1000 13
(Amy: What are continental plates?)

tectonic plates

AmyKaitlyn
    $1000 30
(Ken: We thank the Fox 8 News team in New Orleans for their help with those clues.)

(Bobby) Jindal

Amy
    $1000 20
General Mills

Amy
    $1000 25
a shanty

Amy
    $1000 5
Twelfth Night

Amy

Scores at the first commercial break (after clue 15):

Amy Kaitlyn Jason
$3,200 $1,000 $400

Scores at the end of the Jeopardy! Round:

Amy Kaitlyn Jason
$10,600 $2,600 $200

Double Jeopardy! Round responses

SANTASIA
TV CHARACTERS' OCCUPATIONS
FALSE ADVERTISING?
PEOPLE IN HISTORY
OPERA
GO GET "EM"
(Ken: All the correct responses will begin with the letters "EM".)
    $400 11
Siberia

Amy
    $400 17
police chief

Amy
    $400 27
the funny bone

Jason
    $400 6
Catherine the Great

Jason
    $400 5
The Marriage of Figaro

Amy
    $400 16
Eminence

Kaitlyn
    $800 12
Saigon

Jason
    $800 23
mailman

Amy
    $800 19
a dry cleaner

Amy
    $800 7
(Ken: Yeah, Golda Meir.)

Israel

Jason
    $800 4
William Tell

Amy
    $800 18
embargo

Jason
    $1200 13
Pakistan

Jason
    $1200 24
a thief

Triple Stumper
    $1200 28
flying fox

Amy
    $1200 8
(Jason: What are nuclear weapons?)

land mines

AmyJason
    $1200 3
Einstein

Jason
    $1200 20
embryonic

Amy
    $1600 14
the Philippines

Jason
    $1600 25
(Ken: She's [*] on The Good Wife and The Good Fight.)

an attorney

Triple Stumper
    $1600 29
head cheese

Triple Stumper
    $1600 9
Khomeini

Amy
    $2,200 2
Madame Butterfly

Jason
    $1600 21
emulsify

Amy
    $2000 15
Kyoto

Amy
    $2000 26
shoe salesman

Amy
    $2000 30
Ecuador

Triple Stumper
    $5,000 10
(Ken: Of [*]'s Mill, that's correct.)

Sutter

Amy
    $2000 1
(Amy: What is La bohème?)

La traviata

AmyJason
    $2000 22
Empedocles

Triple Stumper

Scores at the end of the Double Jeopardy! Round:

Amy Kaitlyn Jason
$28,000 $3,000 $10,400
(lock game)

[wagering suggestions for these scores]

Final Jeopardy! Round responses

3-NAMED WOMEN
(Ken: [To Jason] So you will lose just $17; maybe that's a Cornell math joke, I don't know.)
[Laughter]
KaitlynWho Elizabeth Cady Stanton?
$2,500
JasonWho is E.C. Stanton?
$17
AmyWho is Louisa May Alcott Alcott?
$7,000
Louisa May Alcott

Final scores:

Amy Kaitlyn Jason
$35,000 $500 $10,383
15-day champion: $606,200 3rd place: $1,000 2nd place: $2,000

Game dynamics:

Coryat scores:

Amy Kaitlyn Jason
$25,000 $3,000 $10,800
34 R
(including 1 DD),
2 W
6 R,
2 W
13 R
(including 1 DD),
3 W
(including 1 DD)

Combined Coryat: $38,800

[game clues] [game scores] [suggest correction]

Game tape date: 2021-10-11
The J! Archive is created by fans, for fans. Scraping, republication, monetization, and malicious use prohibited; this site may use cookies and collect identifying information. See terms. The Jeopardy! game show and all elements thereof, including but not limited to copyright and trademark thereto, are the property of Jeopardy Productions, Inc. and are protected under law. This website is not affiliated with, sponsored by, or operated by Jeopardy Productions, Inc. Join the discussion at JBoard.tv.